000 00797nam a2200241 a 4500
003 AR-BaBNM
005 20251128205530.0
008 082120s2002 ||||||||||||||000 | spa||
040 _cAR-BaBNM
245 0 0 _aContributi del centro polo ai problemi della valutazione
_bl'orientamento e l'osservazione nei proccesi di selezione : metodologie, strumenti e risultati
260 _aMilano
_bGiunta Regionale del Veneto
_c1990
300 _axvi, 310 p.
_bgráfs., tablas
650 4 _aEVALUACION
650 4 _aCRITERIOS DE EVALUACION
650 4 _aEVALUACION DEL ALUMNO
650 4 _aMETODOS DE EVALUACION
650 4 _aTECNICAS DE EVALUACION
651 4 _aItalia
653 _aPROCESO DE ENSEÑANZA-APRENDIZAJE
700 1 _aMarzaro, Mirko
_eprologuista
942 _cBK
998 _cMariana
999 _c11773
_d11773